And the Roots Go Deep: (Record no. 206176)

MARC details
000 -LEADER
fixed length control field 00669cam a22001937i 4500
005 - DATE AND TIME OF LATEST TRANSACTION
control field 20241008162634.0
010 ## - LCCN (DPL NO)
LC control number ENG-141972
020 ## - INTERNATIONAL STANDARD BOOK NUMBER
International Standard Book Number 9789388860147
Terms of availability 260.00
035 ## - SYSTEM CONTROL NUMBER
System control number EN-125504
037 ## - SOURCE OF ACQUISITION
Source of stock number/acquisition DBAD
082 ## - DEWEY DECIMAL CLASSIFICATION NUMBER
Classification number 808.883
245 14 - TITLE STATEMENT
Title And the Roots Go Deep:
Statement of responsibility, etc Translated By Srividhya Subash
Remainder of title Tamilmagan/
250 ## - EDITION STATEMENT
Edition statement 1
260 ## - PUBLICATION, DISTRIBUTION, ETC. (IMPRINT)
Place of publication, distribution, etc Chennai
Name of publisher, distributor, etc Zero Degree Publishing
Date of publication, distribution, etc 2019
270 ## - ADDRESS
Address 12/7, Bay line Apartments 2nd cross street, R.K.Nagar
City Thiruvanmiyur, Chennai
Postal code 600041
Telephone number 9840065000
Electronic mail address zerodegreepublishing@gmail.com
300 ## - PHYSICAL DESCRIPTION
Extent 199p.
Dimensions 22cm(pb)
700 ## - ADDED ENTRY--PERSONAL NAME
Personal name Subash, Srividhya
Relator term Translated
9 (RLIN) 72480
942 ## - ADDED ENTRY ELEMENTS (KOHA)
Source of classification or shelving scheme Dewey Decimal Classification
Item type English Books
Classification part 808.883
Call number suffix AND
Holdings
Withdrawn status Lost status Not for loan Collection code Home library Current library Date acquired Source of acquisition Cost, normal purchase price Full call number Barcode Copy number Cost, replacement price Koha item type
      Non-fiction Central Library Central Library 08/10/2024 Delivery of Books Act Division 260.00 808.883 AND EN-125504 1 260.00 English Books

© Delhi Public Library
Hit Counter
free hit counter